000 00302nam a22001457a 4500
008 230524b ||||| |||| 00| 0 eng d
020 _a9782889081547
041 _aFRA
080 _a82
082 _a82SCH
100 _a38
101 _aGJL
245 _aFREAK CITY
_cSCHROCKE .K
942 _2udc
_cBK
999 _c59825
_d59825